000
00319nam a2200133Ia 4500
008
240624s9999 xx 000 0 und d
041
_a
eng
082
_a
920 WAL
100
_a
WALTON SAM
245
_a
MADE IN AMERICA
260
_c
1993
_a
New York
_b
Bantam Books
300
_a
xiii, : 346 : p. : cm. ; 17
365
_c
_b
20
999
_c
8107
_d
8107